Normal view
MARC view
Entry Topical Term
001 - CONTROL NUMBER
- control field: 7660
003 - CONTROL NUMBER IDENTIFIER
- control field: TR-AnCHP
005 - DATE AND TIME OF LATEST TRANSACTION
- control field: 20240305114143.0
008 - FIXED-LENGTH DATA ELEMENTS
- fixed length control field: 240305|| aca||babn | a|a d
040 ## - CATALOGING SOURCE
- Original cataloging agency: TR-AnCHP
150 ## - HEADING--TOPICAL TERM
- Topical term or geographic name entry element: Balıklıgöl tarihi
